[Event "Sochi-B"]
[Site "Sochi"]
[Date "1989.??.??"]
[Round "?"]
[White "Tunik, Gennady"]
[Black "Filipenko, Alexander V"]
[Result "1-0"]
[WhiteElo "2470"]
[BlackElo "2380"]
[Annotator "Ftacnik,L"]
[PlyCount "75"]
[EventDate "1989.10.??"]
[EventType "tourn"]
[EventRounds "11"]
[EventCountry "URS"]
[EventCategory "7"]
[SourceTitle "CBM 016"]
[Source "ChessBase"]
[SourceDate "1990.06.01"]
[SourceVersion "1"]
[SourceVersionDate "1990.06.01"]
[SourceQuality "1"]

1. d4 d5 2. Nf3 Nf6 3. c4 c6 4. Nc3 e6 5. e3 Nbd7 6. Bd3 dxc4 7. Bxc4 b5 8. Bd3
Bb7 9. O-O a6 10. e4 c5 11. d5 c4 12. Bc2 Qc7 $5 13. Bg5 Bd6 14. Kh1 O-O (14...
e5 $5) 15. dxe6 fxe6 16. Nd4 Nc5 17. f4 Nfxe4 (17... e5 18. Ndxb5 axb5 19. Nxb5
Qc6 20. Nxd6 $16) 18. Nxe4 Nxe4 19. Nxe6 Qc6 20. Qg4 h5 21. Qh3 $1 (21. Qxh5 $2
Ng3+) 21... Rfe8 22. Rae1 Nc5 23. Bf5 g6 24. Nxc5 (24. Bxg6 Rxe6 25. Rxe6 Qxg2+
26. Qxg2 Bxg2+ 27. Kxg2 Nxe6) 24... Bxc5 25. Bd7 Rxe1 26. Rxe1 Qd6 27. Be6+ Kg7
28. f5 $18 b4 29. Qh4 Qd4 30. Qg3 Bd6 31. Be3 Qg4 32. Qf2 Qxg2+ 33. Qxg2 Bxg2+
34. Kxg2 gxf5 35. Bd4+ Kh6 36. Bd5 Rd8 37. Re6+ Kg5 38. Bf6+ {Ftacnik} 1-0

[Event "WchT 2nd"]
[Site "Luzern"]
[Date "1989.??.??"]
[Round "6.1"]
[White "Seirawan, Yasser"]
[Black "Nogueiras Santiago, Jesus"]
[Result "1-0"]
[WhiteElo "2585"]
[BlackElo "2560"]
[Annotator "Ftacnik,L"]
[PlyCount "51"]
[EventDate "1989.10.27"]
[EventType "team-tourn"]
[EventRounds "9"]
[EventCountry "SUI"]
[SourceTitle "CBM 016"]
[Source "ChessBase"]
[SourceDate "1990.06.01"]
[SourceVersion "1"]
[SourceVersionDate "1990.06.01"]
[SourceQuality "1"]
[WhiteTeam "US of America"]
[BlackTeam "Cuba"]
[WhiteTeamCountry "USA"]
[BlackTeamCountry "CUB"]

1. d4 d5 2. c4 c6 3. Nc3 Nf6 4. e3 e6 5. Nf3 Nbd7 6. Bd3 dxc4 7. Bxc4 b5 8. Bd3
a6 9. e4 c5 10. e5 Ng4 11. Be4 Rb8 $6 {N} (11... Ra7 12. O-O cxd4 13. Qxd4 Bc5
14. Qd3 Ngxe5 15. Nxe5 Nxe5 16. Qc2 $16 {ECO}) 12. Bg5 Qb6 13. d5 $1 Ndxe5 14.
Nxe5 Nxe5 15. f4 h6 (15... Nd7 16. dxe6 Qxe6 (16... fxe6 $2 17. Qh5+) 17. O-O
$18) 16. Bh4 g5 17. fxe5 gxh4 18. O-O Rb7 19. Qf3 Ra7 20. dxe6 Qxe6 21. Bd5 Qg6
22. e6 $1 fxe6 23. Be4 Qg7 24. Rad1 Bd7 25. Bc6 c4 26. Qh5+ {Ftacnik} 1-0

[Event "Voskresensk"]
[Site "Voskresensk"]
[Date "1990.??.??"]
[Round "?"]
[White "Miralles, Gilles"]
[Black "Neverov, Valeriy"]
[Result "0-1"]
[WhiteElo "2460"]
[BlackElo "2505"]
[Annotator "Ftacnik,L"]
[PlyCount "44"]
[EventDate "1990.07.??"]
[EventType "tourn"]
[EventRounds "11"]
[EventCountry "URS"]
[EventCategory "9"]
[SourceTitle "CBM 019"]
[Source "ChessBase"]
[SourceDate "1990.12.01"]
[SourceVersion "1"]
[SourceVersionDate "1990.12.01"]
[SourceQuality "1"]

1. d4 d5 2. c4 e6 3. Nf3 Nf6 4. Nc3 c6 5. e3 Nbd7 6. Bd3 dxc4 7. Bxc4 b5 8. Bd3
a6 9. e4 c5 10. d5 c4 11. dxe6 fxe6 12. Bc2 Qc7 13. Qe2 Bd6 14. O-O O-O 15. Ng5
Nc5 16. f4 e5 17. Nd5 Nxd5 18. exd5 Nd3 $1 {ECO} (18... Bf5 19. fxe5 Bxc2 20.
exd6 Qb6 21. Be3 Bd3 22. Rxf8+ Rxf8 23. Qg4 $14 {Podgaec-Kuprejchik,V/USSR/
1976/}) 19. fxe5 $2 (19. Bxd3 cxd3 20. Qxd3 Bf5) 19... Bg4 $3 20. Qxg4 (20.
exd6 Bxe2 21. Rxf8+ Rxf8 22. dxc7 Rf1#) (20. Qe4 Bc5+ 21. Be3 Bf5 22. Rxf5 Rxf5
23. Qxf5 Bxe3+ 24. Kh1 (24. Kf1 Bxg5 25. Qxg5 Rf8+ 26. Ke2 Rf2+ 27. Kd1 Rf1+
$19) 24... Nf2+ 25. Kg1 Nh3+ 26. Kh1 Nxg5 $19) 20... Qc5+ 21. Be3 Qxe3+ 22. Kh1
Rxf1+ {Ftacnik,L} (22... Rxf1+ 23. Rxf1 Nf2+ 24. Rxf2 Qe1+) 0-1

[Event "Interzonal-15"]
[Site "Manila"]
[Date "1990.??.??"]
[Round "2"]
[White "Marin, Mihail"]
[Black "Shirov, Alexei"]
[Result "1/2-1/2"]
[WhiteElo "2485"]
[BlackElo "2580"]
[Annotator "Ftacnik,L"]
[PlyCount "67"]
[EventDate "1990.06.29"]
[EventType "swiss"]
[EventRounds "13"]
[EventCountry "PHI"]
[SourceTitle "CBM 019"]
[Source "ChessBase"]
[SourceDate "1990.12.01"]
[SourceVersion "1"]
[SourceVersionDate "1990.12.01"]
[SourceQuality "1"]

1. d4 d5 2. c4 c6 3. Nc3 Nf6 4. e3 e6 5. Nf3 Nbd7 6. Bd3 dxc4 7. Bxc4 b5 8. Bd3
Bb7 9. O-O a6 10. e4 c5 11. d5 Qc7 12. dxe6 fxe6 13. Qe2 c4 14. Bc2 Bd6 15. Ng5
$1 (15. Nd4 Bxh2+ 16. Kh1 Nc5 17. f4 O-O-O $1 $13) 15... Nc5 16. f4 e5 (16...
h6 17. Nf3 Bxf4 18. e5 $1 Bxc1 19. exf6 Bf4 20. f7+ $1 Ke7 (20... Qxf7 21. Ne5
Qf6 22. Qh5+ $18) 21. Nh4 Bxh2+ 22. Kh1 $18) 17. a4 $1 Qb6 {N} (17... b4 18.
Nd5 Nxd5 19. exd5 O-O-O) 18. axb5 axb5 (18... Nb3+ 19. Kh1 Nxa1 20. Qxc4 $1 $40
) 19. Rxa8+ Bxa8 20. Be3 exf4 (20... O-O 21. fxe5 Bxe5 22. Rf5 $1 Re8 23. Nf3
Nfd7 24. Nxe5 Nxe5 25. Qh5 g6 26. Rxe5 gxh5 27. Rxe8+ Kf7 28. Rxa8 $18) 21. e5
$1 Bxe5 (21... fxe3 22. exf6 Nd3 23. fxg7 Rg8 24. Nxb5 $1 Qxb5 25. Qxe3+ Qe5 (
25... Ne5 26. Qh3 $40) 26. Ba4+ $18) 22. Bd4 $6 (22. Bxf4 O-O (22... Nd3+ 23.
Kh1 Nxf4 24. Qxe5+ $18) 23. Bxe5 Nd3+ 24. Kh1 Ng4 25. Rxf8+ Kxf8 26. Bd4 $1 $18
) 22... Nfe4 $1 23. Bf2 (23. Bxe5 Nd3+ 24. Kh1 Nef2+ $19) (23. Ncxe4 Bxd4+ 24.
Kh1 O-O 25. Nxc5 f3 $1 26. Nxf3 Qxc5 $17) 23... f3 $1 24. Nxf3 (24. gxf3 Qh6)
24... Bxc3 25. Bxe4 Bxe4 26. bxc3 O-O 27. Qxe4 Nxe4 28. Bxb6 Nxc3 29. Ba5 $2 (
29. Re1 $16) (29. Nd4 $5) 29... Ne2+ 30. Kf2 Nf4 31. Rb1 b4 $1 32. Bxb4 (32.
Rxb4 Nd3+ 33. Ke3 Re8+ 34. Kd2 Nxb4 35. Bxb4 $10) 32... Nd3+ 33. Ke3 Rb8 34.
Kd4 {Ftacnik,L} (34. Kd4 Nxb4 35. Kxc4 Rc8+ 36. Kd4 $10) 1/2-1/2

[Event "Leon"]
[Site "Leon"]
[Date "1995.??.??"]
[Round "9"]
[White "Sokolov, Ivan"]
[Black "Shirov, Alexei"]
[Result "1/2-1/2"]
[WhiteElo "2645"]
[BlackElo "2710"]
[Annotator "Ftacnik,L"]
[PlyCount "59"]
[EventDate "1995.05.??"]
[EventType "tourn"]
[EventRounds "9"]
[EventCountry "ESP"]
[EventCategory "14"]
[SourceTitle "CBM 048"]
[Source "ChessBase"]
[SourceDate "1995.10.01"]
[SourceVersion "1"]
[SourceVersionDate "1995.10.01"]
[SourceQuality "1"]

1. d4 d5 2. c4 c6 3. Nc3 Nf6 4. Nf3 e6 5. e3 Nbd7 6. Bd3 dxc4 7. Bxc4 b5 8. Bd3
Bb7 9. O-O a6 10. e4 c5 11. d5 Qc7 12. Bc2 c4 13. dxe6 fxe6 14. Ng5 Nc5 15. e5
Qc6 16. f3 (16. Nf3 Nd5 $13) 16... Nfd7 (16... Nd5 $2 17. Nxd5 O-O-O 18. Nb4 $1
Qb6 19. Qe2 Nd3+ 20. Be3 Bc5 21. Bxc5 Qxc5+ 22. Kh1 Qxb4 23. Nf7 $16) 17. Qe2 (
17. Bxh7 O-O-O (17... Nxe5 $13) 18. Qe2 Be7 19. Bc2 b4 20. Nce4 Nxe5 21. Nxc5
Bxc5+ 22. Kh1 Rd5 23. Be4 Nd3 24. g3 Qd7 25. Bxd5 exd5 26. Qe6 Re8 27. Qxd7+
Kxd7 $44 {Ziegler,A-Schandorff,L/Copenhagen op (08)/1995/0-1 (41)}) (17. Nxh7
Nxe5 (17... O-O-O 18. Nxf8 {/\} Nxe5 $2 19. Qe2 $18) 18. Nxf8 Rxf8 19. Qd4 (19.
Qe2 Ned3 $13) 19... Ncd3 {/\ Rf3!} 20. Bxd3 (20. Ne4 $6 Rd8 21. Qe3 Ng4 $1 22.
Qg5 Qb6+ 23. Kh1 Bxe4 24. Qxg4 Bf5 $15) 20... Nxd3 21. Ne4 Rd8 (21... e5 $6 22.
Qe3 $1 (22. Qd6 $2 Rd8 $15) 22... O-O-O 23. b3 $1 {/\ 24.bc4 bc4 25.Ba3->} c3
24. Ba3 $1 b4 25. Rfd1 $1 Qb5 $1 $8 (25... bxa3 26. Rxd3 $16) 26. Nxc3 (26.
Bxb4 $6 Qxb4 $1 27. Rxd3 Rxd3 28. Qxd3 Bxe4 29. Qxe4 $8 Qd4+ $1 30. Kh1 Qxe4
31. fxe4 c2 32. Rc1 $8 Rf2 33. h4 Kd7 34. Kh2 Kc6 35. Kg3 Rd2 36. Kf3 Kc5 37.
Ke3 $8 Rxg2 38. Kd3 Rg3+ $1 $15) 26... Rxf3 $8 (26... bxc3 $2 27. Bxf8 c2 28.
Rd2 $18) 27. gxf3 bxc3 $44 {Kamsky,G-Shirov,A/Madrid/1994/0.5 (31)}) 22. Qxg7 (
22. Qa7 Qd7 $1 $17) (22. Qe3 Qd5 $15) 22... Qb6+ 23. Nf2 $8 (23. Kh1 $2 Bxe4
24. Bh6 Rf5 $1 25. fxe4 Rxf1+ 26. Rxf1 Nf2+) 23... Nxf2 24. Qg6+ Rf7 $8 25.
Qg8+ Rf8 26. Qg6+ $10 {0.5/Illescas Cordoba,M-Shirov,A/Madrid/1994/}) 17... Nd3
(17... Be7 18. Kh1 Nd3 19. Bxd3 cxd3 20. Qxd3 Nxe5 21. Qd4 Qc4 22. Qxc4 Nxc4
23. Nxe6 Kf7 24. Nf4 Bf6 25. Ne4 Bxe4 26. fxe4 Rae8 27. Nd5 Kg6 $44 {Krasenkov,
M-Luther,T/Tilburg (01)/1994/0.5 (47)}) 18. Bxd3 cxd3 19. Qxd3 Nxe5 20. Qe2 h6
21. Qxe5 (21. Nge4 Be7 22. f4 Nf7 $13) 21... Qc5+ $1 22. Qxc5 Bxc5+ 23. Kh1
hxg5 {Black could have afforded to sacrifice a pawn, since his bishop pair is
quite strong.} 24. Bxg5 Bd4 25. Rfe1 O-O 26. Be3 (26. Rxe6 Rxf3 $1 27. Re2 (27.
Re7 Raf8 $1) 27... Bxc3 28. bxc3 Rxc3) 26... Bxc3 27. bxc3 e5 28. Rad1 (28. Bc5
Rfe8 29. Rad1 Rac8 30. Bb4 e4 $44) 28... Rac8 29. Rd7 Rf7 30. Rxf7 (30. Rxf7
Kxf7 31. Bd2 Kf6 $10) 1/2-1/2

[Event "Cheliabinsk"]
[Site "Cheliabinsk"]
[Date "1991.??.??"]
[Round "?"]
[White "Gleizerov, Evgeny"]
[Black "Ulybin, Mikhail"]
[Result "1/2-1/2"]
[WhiteElo "2485"]
[BlackElo "2465"]
[Annotator "Ftacnik,L"]
[PlyCount "49"]
[EventDate "1991.??.??"]
[EventType "tourn"]
[EventRounds "11"]
[EventCountry "URS"]
[EventCategory "7"]
[SourceTitle "CBM 025"]
[Source "ChessBase"]
[SourceDate "1991.12.01"]
[SourceVersion "1"]
[SourceVersionDate "1991.12.01"]
[SourceQuality "1"]

1. d4 Nf6 2. c4 e6 3. Nf3 d5 4. Nc3 c6 5. e3 Nbd7 6. Bd3 dxc4 7. Bxc4 b5 8. Bd3
a6 9. e4 c5 10. d5 c4 11. dxe6 fxe6 12. Bc2 Qc7 13. O-O Bc5 14. e5 Nxe5 15. Bf4
Bd6 16. Bxe5 Bxe5 17. Nxe5 Qxe5 18. Re1 Qc7 (18... Qc5 19. Ne4 Nxe4 20. Bxe4
Ra7 21. b4 Qg5 22. Bc6+ Kf7 23. a4 Rd8 24. Qf3+ Kg8 25. axb5 Rf7 26. Qe3 $14 {
Kortchnoi,V-Torre,E/Brussels/1987/}) 19. Nd5 (19. a4 b4 20. Nd5 Nxd5 21. Qxd5
Ra7 22. Qh5+ Qf7 23. Qc5 $40 {Torre}) 19... Nxd5 20. Qxd5 Ra7 21. Rxe6+ Bxe6
22. Qxe6+ Qe7 (22... Kf8 23. Re1 Qd8 24. Rd1 $40) 23. Qc6+ Kf8 (23... Qd7 24.
Re1+ Kf8 25. Qc5+) 24. Qc8+ Qe8 25. Qc5+ {Ftacnik,L} (25. Qc5+ Re7 26. b3 $13)
1/2-1/2

[Event "Horgen CS"]
[Site "Horgen"]
[Date "1994.??.??"]
[Round "5"]
[White "Nikolic, Predrag"]
[Black "Shirov, Alexei"]
[Result "0-1"]
[WhiteElo "2655"]
[BlackElo "2740"]
[Annotator "Ftacnik,L"]
[PlyCount "88"]
[EventDate "1994.09.??"]
[EventType "tourn"]
[EventRounds "11"]
[EventCountry "SUI"]
[EventCategory "16"]
[SourceTitle "CBM 043"]
[Source "ChessBase"]
[SourceDate "1994.12.01"]
[SourceVersion "1"]
[SourceVersionDate "1994.12.01"]
[SourceQuality "1"]

1. d4 d5 2. c4 c6 3. Nc3 Nf6 4. e3 e6 5. Nf3 Nbd7 6. Bd3 dxc4 7. Bxc4 b5 8. Bd3
Bb7 9. O-O a6 10. e4 c5 11. d5 Qc7 12. Bc2 c4 13. dxe6 fxe6 14. Ng5 Nc5 15. e5
Qxe5 16. Re1 Qd6 17. Qxd6 Bxd6 18. Be3 O-O 19. Rad1 Be7 20. Bxc5 Bxc5 21. Nxe6
Rfc8 22. h3 Rab8 (22... Bf8 23. g4 h6 24. f4 Bf3 25. Rd2 Bc6 26. g5 hxg5 27.
fxg5 Nd7 28. Nxf8 Nxf8 29. Rd6 $14 {Karpov,An-Kramnik,V/Linares (11)/1994/1-0 
(40)}) 23. g4 (23. Nxc5 Rxc5 24. Re6 b4 25. Na4 Rg5 26. g3 Rh5 27. h4 Bf3 28.
Rd4 Bd5 29. Re1 $10 {Kramnik,V-Shirov,A/Novgorod (02)/1994/0.5 (30)}) 23... Bf3
24. Rd2 b4 25. Na4 Ba7 26. g5 Nd5 27. g6 $146 (27. Re5 Rb5 28. Rf5 Nc7 29. Nxg7
$36 {Topalov,V-Lautier,J/ Dos Hermanas (06)/ 1994/1/2-1/2/ 41}) (27. Nd4 c3 28.
bxc3 bxc3 29. Nxc3 $10 {Nikolic,Pr-Bareev,E/ Munich SKA (03)/1994/1/2-1/2/ 33})
27... h6 $1 (27... hxg6 28. Ng5 c3 29. bxc3 bxc3 30. Rd3 Bg2 31. Bb3 Rxb3 32.
axb3 c2 33. Rc1 Nb4 (33... Nf4 34. Rxc2 $1 $18) 34. Rd7 Bd5 35. Nc3 $18) (27...
c3 28. bxc3 bxc3 29. gxh7+ Kh8 30. Rd3 Nb4 31. Rxf3 Nxc2 32. Re4 $14) 28. Nd4
c3 29. bxc3 bxc3 30. Rd3 $6 (30. Nxc3 Rxc3 (30... Bxd4 31. Nxd5 Bxd5 32. Rxd4
Rxc2 33. Rxd5 Rc6 $10) 31. Nxf3 Rxf3 32. Be4 Rxh3 33. Bxd5+ Kf8 34. Kg2 $36)
30... Nb4 (30... Bxd4 31. Rxd4 Kh8 32. Rd3 Nb4 33. Rxf3 Nxc2 34. Re7 Rc6 35.
Rxc3 Rxg6+ 36. Kh2 $10) 31. Rxf3 (31. Nxf3 $2 Nxd3 (31... Nxc2 32. Rc1 Nb4 33.
Rdxc3 Rf8 34. Rc7 Nd3 35. Rd1 Rxf3 36. Rxa7 $14) 32. Bxd3 c2 33. Rc1 Rb1 34.
Rxb1 cxb1=Q+ 35. Bxb1 Rc1+ 36. Kg2 Rxb1 $19) 31... Bxd4 32. Bf5 Rc7 $1 (32...
Rc6 33. a3 Nd5 (33... c2 34. Rc1) 34. Be4 Rd6 35. Rd1 Be5 36. Rxd5 c2 37. Bxc2
Rxd5 38. Bb3 Rxb3 39. Rxb3 $14) (32... c2 33. Be6+ Kh8 34. Bxc8 Rxc8 35. Nc3 $1
) 33. a3 Nc6 34. Rf4 $4 (34. Nxc3 Ne5 35. Rxe5 Bxe5 36. Nd5 $44) 34... Be5 $1 (
34... Rd8 35. Bc2 Ne5 36. Kf1 $13) 35. Rfe4 (35. Be6+ Kh8 36. Rc4 Nd4 $19) (35.
Rc4 Nd4 36. Rxc7 Bxc7 37. Be4 Ba5 $19) 35... c2 $1 36. Kg2 (36. Rxe5 Nxe5 37.
Bxc2 Nf3+ $19) 36... Rb1 37. Rf4 $5 (37. Rxe5 Nxe5 38. Rxe5 Rb8 39. Bxc2 Rxc2
$17) 37... Rxe1 38. Be6+ Rf7 $1 $8 39. gxf7+ (39. Rxf7 Nd8 $1 $19 (39... Nd4
40. Bd5 Rg1+ 41. Kxg1 c1=Q+ 42. Kg2 Ne6 (42... Qg5+ 43. Kf1 Bf6 44. Nb6 Qc1+
45. Kg2 Qxa3 46. Rb7+ Kf8 47. Nd7+ Ke7 48. Nb6+ Kd8 49. Rb8+ Kc7 50. Rb7+ $10)
43. Rf5 Bd6 44. Bxe6+ Kh8 $17)) (39. Bxf7+ Kf8 40. Rc4 c1=Q $19) 39... Kf8 40.
Nc5 Nb8 $1 (40... Bxf4 41. Nd7+ Ke7 42. f8=Q+ Kxe6 43. Nc5+ Ke5 44. Nd7+ (44.
Nd3+ Kd4 45. Qxf4+ Kxd3 46. Qd6+ Nd4) 44... Ke4 45. Nc5+ $10 Kd4 $140 $2 46.
Qxf4+ Kxc5 47. Qf5+ $16) (40... c1=Q 41. Nd7+ Ke7 42. f8=Q+ Kxe6 $19) 41. Rb4 (
41. Bb3 Bxf4 $19) (41. Rc4 c1=Q 42. Rxc1 Rxc1 43. Nd3 Rc6 $19) 41... c1=Q 42.
Rxb8+ Bxb8 43. Nd7+ Ke7 44. f8=Q+ Kxe6 (44... Kxe6 45. Qe8+ (45. Nxb8 Rg1+ 46.
Kh2 (46. Kf3 Qc3+ 47. Ke4 Qc2+ 48. Ke3 Re1+ $19) 46... Rh1+ 47. Kg2 Qf1+ 48.
Kf3 Rxh3+ $19) 45... Kd6 46. Qxb8+ Kxd7 $19) 0-1

[Event "Dortmund"]
[Site "Dortmund"]
[Date "1994.??.??"]
[Round "4"]
[White "Karpov, Anatoly"]
[Black "Lutz, Christopher"]
[Result "1-0"]
[WhiteElo "2740"]
[BlackElo "2595"]
[Annotator "Ftacnik,L"]
[PlyCount "137"]
[EventDate "1994.07.??"]
[EventType "tourn"]
[EventRounds "9"]
[EventCountry "GER"]
[EventCategory "16"]
[SourceTitle "CBM 042"]
[Source "ChessBase"]
[SourceDate "1994.10.01"]
[SourceVersion "1"]
[SourceVersionDate "1994.10.01"]
[SourceQuality "1"]

1. d4 d5 2. c4 c6 3. Nf3 Nf6 4. Nc3 e6 5. e3 Nbd7 6. Bd3 dxc4 7. Bxc4 b5 8. Bd3
a6 9. e4 c5 10. d5 c4 11. dxe6 cxd3 12. exd7+ Qxd7 13. O-O Bb7 14. Re1 Be7 15.
e5 Nd5 16. Ne4 (16. Qxd3 Nxc3 17. Qxc3 O-O 18. Bg5 Rac8 19. Qe3 Bxg5 20. Nxg5
Rc2 $44 {Karpov,An-Lutz,C/BL 9394/1994/}) 16... O-O (16... Nb4 17. Nf6+ $1) 17.
Qxd3 Qg4 (17... h6 $5) 18. Nfg5 $1 (18. Ng3) 18... Rad8 19. a3 f5 (19... Nf4 $2
20. Nf6+ $1 gxf6 21. Qxh7#) 20. exf6 gxf6 21. Qh3 Qxh3 22. Nxh3 $16 Rfe8 23.
Bd2 Kf7 (23... f5 24. Nc3) 24. Re2 Bc6 25. Ba5 (25. Rae1 b4) 25... Rc8 26. Rd1
Bf8 (26... b4 27. axb4 Nxb4 28. Nf4 $16) 27. Ng3 Rxe2 28. Nxe2 Re8 29. Nd4 Bb7
30. Kf1 Bd6 31. g3 Be5 32. Ng1 $1 Ne7 33. Nge2 (33. Ngf3 $2 Bxf3 34. Nxf3 Bxb2
$10) 33... Rc8 34. Rd3 (34. Bc3 Nd5) 34... Ba8 35. Ke1 Re8 36. Kd1 Rc8 37. Bc3
Nd5 38. Ba5 Ne7 (38... Bb7 39. f4 Bd6 40. Nf5 $16) 39. Rc3 Be4 (39... Rxc3 40.
Bxc3 Nd5 41. Bd2 $16) 40. Re3 (40. Rxc8 $5 Nxc8 41. Bc3 $16) 40... Bg6 41. Rc3
(41. f4 Nd5 42. Rb3 Bd6) 41... Re8 42. Rc5 Bd3 43. Bc3 Bd6 44. Rh5 $8 Rd8 (
44... Kg6 45. Rh4 Nd5 46. Bd2 $16) 45. Ke1 Re8 46. Kd2 Bg6 47. Rh4 Nd5 48. Nc6
Nb6 (48... Nxc3 49. Nxc3 Bc5 50. Rf4 Bd6 51. Rf3 Rc8 $132) 49. Na5 Na4 50. Nb7
Bb8 51. Bd4 Rc8 52. b3 (52. Bc3 Nxb2 $1 53. Bxb2 Rc2+) 52... Rc2+ 53. Ke3 Nb2
54. Nf4 Nd1+ 55. Kf3 Be5 56. Nxg6 Kxg6 57. Bxe5 Rxf2+ 58. Ke4 Re2+ 59. Kd5 Ne3+
(59... Rxe5+ 60. Kc6 Re6+ 61. Kc7 Re3 62. Nc5 Rc3 63. Kb6 $16) 60. Ke6 Nc2 61.
Rg4+ Kh5 62. Rg7 fxe5 (62... Rxe5+ 63. Kxf6 $18) 63. h4 Nd4+ 64. Kf6 Kh6 (64...
Rf2+ 65. Kxe5 Nf3+ 66. Ke4 $16) 65. Rg8 e4 66. Nd6 Rf2+ (66... e3 $4 67. Nf7+
Kh5 68. Rg5#) 67. Ke5 Nc6+ 68. Kxe4 Rf6 69. Ne8 1-0

[Event "Munich"]
[Site "Munich"]
[Date "1990.??.??"]
[Round "?"]
[White "Jussupow, Artur"]
[Black "Ribli, Zoltan"]
[Result "1-0"]
[WhiteElo "2615"]
[BlackElo "2605"]
[Annotator "Ftacnik,L"]
[PlyCount "51"]
[EventDate "1990.04.??"]
[EventType "tourn"]
[EventRounds "11"]
[EventCountry "GER"]
[EventCategory "13"]
[SourceTitle "CBM 018"]
[Source "ChessBase"]
[SourceDate "1990.10.01"]
[SourceVersion "1"]
[SourceVersionDate "1990.10.01"]
[SourceQuality "1"]

1. d4 Nf6 2. Nf3 d5 3. c4 e6 4. Nc3 dxc4 5. e3 a6 6. Bxc4 c5 7. Bd3 Nbd7 8. O-O
b5 9. Qe2 (9. a4 c4 10. Bc2 Bb7 11. e4 Be7 12. Bg5 $14 {Lilienthal-Landau/
Amsterdam/1934/}) 9... Bb7 10. Rd1 Qb8 (10... Qb6) 11. a3 Bd6 12. h3 (12. dxc5
Nxc5 13. Bc2 Ng4 14. h3 Ne5 $10) 12... O-O 13. Bc2 Rd8 14. dxc5 Nxc5 15. b4
Ncd7 16. Bb2 Ne5 17. Nd2 Be7 (17... Bc7 $5 {/\ Bb6}) 18. Nce4 h6 19. Bd4 $1 $14
Ned7 20. Rac1 a5 $6 (20... Nxe4 21. Nxe4 e5 22. Bb2 Nf6 $14) 21. Nxf6+ Bxf6 22.
Nb3 axb4 23. axb4 e5 24. Bb2 Nb6 25. Na5 Na4 $2 26. Rxd8+ {Ftacnik,L} (26.
Rxd8+ Bxd8 27. Qxb5 Bxa5 (27... Nxb2 28. Qe8#) 28. Bxe5 $1 Qd8 (28... Bc7 29.
Bxc7 Qxc7 30. Bh7+ $18) 29. Qxb7 Bb6 30. Bxa4 $18) 1-0

[Event "YUG-ch"]
[Site "Kladovo"]
[Date "1990.??.??"]
[Round "?"]
[White "Gligoric, Svetozar"]
[Black "Todorovic, Goran M"]
[Result "1/2-1/2"]
[WhiteElo "2485"]
[BlackElo "2415"]
[Annotator "Ftacnik,L"]
[PlyCount "92"]
[EventDate "1990.02.??"]
[EventType "tourn"]
[EventRounds "15"]
[EventCountry "YUG"]
[EventCategory "9"]
[SourceTitle "CBM 017"]
[Source "ChessBase"]
[SourceDate "1990.08.01"]
[SourceVersion "1"]
[SourceVersionDate "1990.08.01"]
[SourceQuality "1"]

1. d4 d5 2. Nf3 e6 3. c4 Nf6 4. Nc3 c6 5. e3 Nbd7 6. Bd3 dxc4 7. Bxc4 b5 8. Bd3
a6 9. e4 c5 10. d5 c4 11. Bc2 Nc5 12. Bg5 b4 13. Bxf6 {N} (13. Na4 exd5 14. e5
h6 15. Bh4 $5 $13 (15. exf6 hxg5 16. fxg7 Bxg7 17. Nxc5 Qe7+ 18. Qe2 Bxb2 19.
Rb1 Bc3+ 20. Kd1 g4 $44)) 13... gxf6 14. Na4 exd5 15. exd5 b3 $5 16. axb3 cxb3
17. Bxb3 Nxb3 18. Qxb3 Qa5+ 19. Kf1 Bb4 20. Qe3+ Kf8 21. Qh6+ Ke7 22. Nd4 (22.
Qe3+ Kf8) 22... Bd7 23. d6+ (23. b3 Qxd5) 23... Bxd6 24. Re1+ Be5 25. Nc3 (25.
f4 Qxa4 26. fxe5 Qc4+ $1 27. Re2 fxe5 $13) 25... Qc5 26. Qe3 (26. f4 Qc4+ 27.
Re2 Qxd4 28. fxe5 fxe5 29. Qg5+ f6 30. Qg7+ Ke6 $13) 26... Qc4+ 27. Kg1 Be6 $1
28. Nf3 Bxc3 29. bxc3 Rhc8 30. Nd4 Rc5 31. f4 Kf8 32. h3 (32. Nxe6+ fxe6 33.
Qxe6 Qxe6 34. Rxe6 Rxc3 $22 35. Rxf6+ $2 Kg7 $19) 32... Qxc3 33. Qf2 Rd8 34.
Nxe6+ fxe6 35. Rxe6 Rd2 36. Qe3 Qxe3+ 37. Rxe3 Rcc2 $15 38. Rg3 a5 39. Kh2 a4
40. Ra1 Ra2 41. Rxa2 Rxa2 42. Rc3 Kg7 43. Rc5 Rb2 44. Ra5 Rb4 45. Kg3 Kg6 46.
Kf3 h5 {Ftacnik,L} 1/2-1/2